1443 1952 1723 1915 1549 1242 1296 1533 1662 1466 1516 1808 1404 1885 1864 1547 1151 1161 1408 1413 1335 1175 1054 1728 1053 1176 1665 1982 1706 1142 1783 1877 1187 1808 1113 1552 1876 1079 1434 1647 1002 1058 1807 1737 1906 1082 1568 1621 1997 1350 1649 1559 1629 1455 1446 1551 1924 1116 1649 1242 1732 1242 1283 1055 1290 1389 1306 1463 1586 1999 1018 1481 1159 1673 1450 1362 1239 1482 1467 1802 1943 1696 1138 1184 1077 1757 1732 1038 1836 1699 1626 1468 1665 1388 1488 1889 1381 1680 1744 BCNSPRNW ULIB Ver.6.0+V

เปลี่ยนเป็นภาษาไทย

Change to English
 แสดงรายละเอียดบรรณานุกรม
  กลับหน้าหลัก

Brief Record : Get Marc (ISO 2709) : E-mail record : QR code < ปิดหน้าต่าง
LEADER : 00000nam a2200000Ia 4500
001    13399125431
003     ULIB
008    170228s2559 th a b 000 0 tha d
020    ^a9786165071055
040    ^absi
060 04 ^aWB310^bส576ว
100 0  ^aสันต์ หัตถีรัตน์
245 10 ^aวาระสุดท้ายที่งดงาม /^cโดย สันต์ หัตถีรัตน์
250    ^aพิมพ์ครั้งที่ 1
260    ^aกรุงเทพฯ :^bหมอชาวบ้าน,^c2559
300    ^a211 หน้า :^bภาพประกอบ ;^c21 ซม.
650  4 ^aผู้ป่วยระยะสุดท้าย^xการดูแล
650  4 ^aผู้ป่วยหนัก^xการดูแล
650  4 ^aทัศนคติต่อการตาย
945    ^p200^l0^i25000
945    ^p200^l0^i25001
945    ^p200^l0^i25002
945    ^p200^l0^i25003
945    ^p200^l0^i25004
945    ^p200^l0^i25005
945    ^p200^l0^i25006
945    ^p200^l0^i25007
945    ^p200^l0^i25008
945    ^p200^l0^i25009
995    ^aกัณชพร
999    ^aกัณชพร
รายการนี้ยังไม่มีแท็ก
คุณยังไม่ได้ล็อกอิน คุณสามารถมีกิจกรรมร่วมกับเว็บไซต์ได้ แต่ต้องล็อกอินก่อน ::
  ล็อกอิน

รายการสื่อสารสนเทศ

ลำดับที่ ประเภท เลขเรียก/บาร์โค้ด สถานที่ สถานะ
1. หนังสือสำรอง
หนังสือสำรอง
สถานะ=หนังสือเก่า
WB310 ส576ว ฉ.1 
  Barcode: 25000
ห้องสมุดวิทยาเขตนครสวรรค์
►ส่วนจัดเก็บหนังสือเก่า นว.
บนชั้น
  ขอยืม
2. วิทยาศาสตร์การแพทย์ และสุขภาพ
วิทยาศาสตร์การแพทย์ และสุขภาพ
สถานะ=หนังสือเก่า
WB310 ส576ว ฉ.10 
  Barcode: 25009
ห้องสมุดวิทยาเขตนครสวรรค์
►ส่วนจัดเก็บหนังสือเก่า นว.
บนชั้น
  ขอยืม
3. วิทยาศาสตร์การแพทย์ และสุขภาพ
วิทยาศาสตร์การแพทย์ และสุขภาพ
สถานะ=หนังสือเก่า
WB310 ส576ว ฉ.2 
  Barcode: 25001
ห้องสมุดวิทยาเขตนครสวรรค์
►ส่วนจัดเก็บหนังสือเก่า นว.
บนชั้น
  ขอยืม
4. วิทยาศาสตร์การแพทย์ และสุขภาพ
วิทยาศาสตร์การแพทย์ และสุขภาพ
สถานะ=หนังสือเก่า
WB310 ส576ว ฉ.3 
  Barcode: 25002
ห้องสมุดวิทยาเขตนครสวรรค์
►ส่วนจัดเก็บหนังสือเก่า นว.
บนชั้น
  ขอยืม
5. วิทยาศาสตร์การแพทย์ และสุขภาพ
วิทยาศาสตร์การแพทย์ และสุขภาพ
สถานะ=หนังสือเก่า
WB310 ส576ว ฉ.4 
  Barcode: 25003
ห้องสมุดวิทยาเขตนครสวรรค์
►ส่วนจัดเก็บหนังสือเก่า นว.
บนชั้น
  ขอยืม
6. วิทยาศาสตร์การแพทย์ และสุขภาพ
วิทยาศาสตร์การแพทย์ และสุขภาพ
สถานะ=หนังสือเก่า
WB310 ส576ว ฉ.5 
  Barcode: 25004
ห้องสมุดวิทยาเขตนครสวรรค์
►ส่วนจัดเก็บหนังสือเก่า นว.
บนชั้น
  ขอยืม
7. วิทยาศาสตร์การแพทย์ และสุขภาพ
วิทยาศาสตร์การแพทย์ และสุขภาพ
สถานะ=หนังสือเก่า
WB310 ส576ว ฉ.6 
  Barcode: 25005
ห้องสมุดวิทยาเขตนครสวรรค์
►ส่วนจัดเก็บหนังสือเก่า นว.
บนชั้น
  ขอยืม
8. วิทยาศาสตร์การแพทย์ และสุขภาพ
วิทยาศาสตร์การแพทย์ และสุขภาพ
สถานะ=หนังสือเก่า
WB310 ส576ว ฉ.7 
  Barcode: 25006
ห้องสมุดวิทยาเขตนครสวรรค์
►ส่วนจัดเก็บหนังสือเก่า นว.
บนชั้น
  ขอยืม
9. วิทยาศาสตร์การแพทย์ และสุขภาพ
วิทยาศาสตร์การแพทย์ และสุขภาพ
สถานะ=หนังสือเก่า
WB310 ส576ว ฉ.8 
  Barcode: 25007
ห้องสมุดวิทยาเขตนครสวรรค์
►ส่วนจัดเก็บหนังสือเก่า นว.
บนชั้น
  ขอยืม
10. วิทยาศาสตร์การแพทย์ และสุขภาพ
วิทยาศาสตร์การแพทย์ และสุขภาพ
สถานะ=หนังสือเก่า
WB310 ส576ว ฉ.9 
  Barcode: 25008
ห้องสมุดวิทยาเขตนครสวรรค์
►ส่วนจัดเก็บหนังสือเก่า นว.
บนชั้น
  ขอยืม

รายการใกล้เคียง
    ผู้แต่ง [สันต์ หัตถีรัตน์]

    หัวเรื่อง [ทัศนคติต่อการตาย]

BibComment


ยังไม่เคยถูกคอมเมนท์

คอมเมนท์ทรัพยากรรายการนี้
  คอมเมนท์: วาระสุดท้ายที่งด..


 Copyright 2026. Bcnsprnw @Library